Statistics for 12球団マスコット(2023)

Click here to take the quiz!

General Stats

  • This quiz has been taken 88 times
  • The average score is 14 of 43

Answer Stats

ヒントAnswer% Correct
つば九郎
92%
ジャビット333(ジャビィ)
84%
ジャビット555(ジャバ)
84%
ドアラ
83%
トラッキー
71%
レオ
68%
D.B.スターマン
65%
つばみ
58%
バファローベル
47%
マーくん
45%
スラィリー
44%
着ぐるみなしカープ坊や
44%
ハリーホーク
43%
バファローブル
43%
ライナ
39%
シャオロン
36%
キー太
32%
パオロン
30%
ラッキー
29%
クラッチ
27%
2017年まで球場活動B・B(ブリスキー・ザ・ベアー)
27%
ズーちゃん
25%
リーンちゃん
23%
ポリーポラリス
21%
クラッチーナ
21%
フレップ・ザ・フォックス
21%
D.B.キララ
21%
ハニーホーク
17%
2軍カビー・ザ・ベアー(C・B)
14%
スイッチ
12%
おじいちゃんジャビット
12%
ハーキュリーホーク
10%
キッズジャビット(チャピー)
10%
着ぐるみなしカープ女の子
10%
ホックホーク
9%
ハックホーク
9%
リックホーク
9%
キッズジャビット(ツッピー)
9%
主に2軍はとこジャビット
8%
ヘレンホーク
8%
主に2軍いとこジャビット
8%
シスタージャビット(ビッキー)
8%
ホンキーホーク
8%

Score Distribution

Percentile by Number Answered

Percent of People with Each Score

Your Score History

You have not taken this quiz